Fisherman's manual
Gorde:
| Egile Nagusiak: | , |
|---|---|
| Formatua: | Liburua |
| Hizkuntza: | ingelesa |
| Argitaratua: |
Londres
World Fishing
1976
|
| Edizioa: | 3a. ed |
| Gaiak: | |
| Etiketak: |
Etiketa erantsi
Etiketarik gabe, Izan zaitez lehena erregistro honi etiketa jartzen!
|
MARC
| LEADER | 00000nam a2200000 a 4500 | ||
|---|---|---|---|
| 001 | UCV5252 | ||
| 003 | CL-VaPUC | ||
| 008 | 920930e19760000UK |||||||||||||||||eng|d | ||
| 082 | 0 | 4 | |a 639.2 |b NOE |2 21 |
| 100 | |a Noel, H. S. |e author |9 502759 | ||
| 700 | 0 | |a Bowbeer, Arthur |e author |9 299576 | |
| 245 | 1 | 0 | |a Fisherman's manual |
| 250 | |a 3a. ed | ||
| 300 | |a 128 p | ||
| 942 | |c BK | ||
| 945 | |d 19920930 00:00:00 | ||
| 260 | |a Londres |b World Fishing |c 1976 | ||
| 650 | 0 | |a Pesca |9 258707 | |
| 650 | 7 | |a METODOS DE PESCA |2 CL-VaPUC |9 261501 | |
| 650 | 7 | |a IMPLEMENTOS DE PESCA |2 CL-VaPUC |9 261900 | |
| 583 | |a last modification |c 20130517 09:44:49 |k Rodrigo Vera | ||
| 999 | |c 211830 |d 211828 | ||
| 952 | |0 0 |1 1 |2 ddc |4 0 |6 639_200000000000000_NOE_1976 |7 0 |8 CCM |9 191807 |a BIBCUR |b BIBCUR |d 2019-11-14 |i 2593211 |o 639.2 NOE 1976 |p 2593211 |r 2022-07-07 |w 2019-11-14 |y BK |k CIM | ||